000 00861cam a22002653a 4500
001 7928
003 PGUSA
005 20140828083150.0
008 050401s2005||||xxu|||||s|||||000 p eng d
040 _aPGUSA
_beng
042 _adc
050 4 _aPS
050 4 _aPR
100 1 _aAtkins, Elizabeth,
_d1891-
245 1 4 _aThe Poet's Poet :
_bessays on the character and mission of the poet as interpreted in English verse of the last one hundred and fifty years
_h[electronic resource] /
_cElizabeth Atkins
260 _bProject Gutenberg,
_c2005
506 _aPublic domain in the USA.
516 _aElectronic text
653 _aEnglish poetry -- History and criticism
653 _aAmerican poetry -- History and criticism
653 _aPoetry
830 0 _aProject Gutenberg
_v7928
856 4 0 _uhttp://www.gutenberg.org/ebooks/7928
942 _cEB
999 _c237228
_d237228